Секретните досиета доказват: Гешев остава жив след 9.IX.1944 г. (Запис номер 155299)
[ съкратено ]
| 000 -Лидер | |
|---|---|
| Контролно поле с фиксирана дължина | 02741nam a2200517 c 4500 |
| 003 - Код на организацията, давaща контролен номер | |
| Контролно поле | BLK |
| 005 - Дата и час на последна редакция | |
| Контролно поле | 20250221154957.0 |
| 008 - Елементи от данни с фиксирана дължина | |
| fixed length control field | 180410b bul|||||r ||||||| ||bul|| |
| 010 ## - Наследен системен номер | |
| LC control number | KNG00161973000 |
| 020 ## - Международен стандартен номер на книга ISBN | |
| Международен стандартен номер на книга ISBN | 978-954-398-370-4 |
| 040 ## - Източник на каталожния запис | |
| Идентификатор на билиотеката - собственик на записа | BLK |
| 041 ## - Код за език | |
| Код за езика на текст/звукозапис или на отделно заглавие | Български |
| Код за езика КДБФ | Български |
| 072 #7 - Код за тематичната категория | |
| Код организация | bullib |
| Код за тематична категория | Н35 |
| Текст | Обществено управление. Военни науки Н |
| 080 ## - УДК | |
| Текстов определител УДК | Органи на обществения ред. Полиция. Обществена власт. Доброволни отреди. Държавна сигурност. Милиция. Дейност на полицията по вътрешно разузнаване |
| УДК код - определител по УДК | 351.74 |
| УДК определител | (497.2)(092)(093.2) |
| УДК - код + определител | 351.74(497.2)(092)(093.2) |
| 080 ## - УДК | |
| Текстов определител УДК | България през Втората световна война (1939-1944) |
| УДК код - определител по УДК | 94(497.2)"1939/1944" |
| УДК определител | (092)(093.2) |
| УДК - код + определител | 94(497.2)"1939/1944"(092)(093.2) |
| 080 ## - УДК | |
| Текстов определител УДК | Народна Република България (1946 - 1990) |
| УДК код - определител по УДК | 94(497.2)"1946/1990" |
| УДК определител | (092)(093.2) |
| УДК - код + определител | 94(497.2)"1946/1990"(092)(093.2) |
| 080 ## - УДК | |
| Текстов определител УДК | Български полицай от периода между двете световни войни |
| УДК код - определител по УДК | 929 Гешев, Никола Христов |
| УДК - код + определител | 929 Гешев, Никола Христов |
| 100 1# - Редна дума - Автор | |
| Автор | Минкова, Петя |
| Авторска отговорност | първи автор |
| R(LIN) | 332785 |
| 139 ## - Редно поле | |
| Редна дума | Минкова, Петя и др. |
| Авторски знак | Геш - Г 45 |
| 245 10 - Сведения за заглавието | |
| Заглавие | Секретните досиета доказват: Гешев остава жив след 9.IX.1944 г. |
| Редно поле (дума) | Петя Минкова; съавт. Иван Бутовски. |
| 257 ## - Страна на издаване | |
| Страна на създаване/издаване | България |
| 260 ## - Област на издателските данни | |
| Име на издателя, разпространителя и проч. | Труд |
| Година на издаване | 2014 |
| Печатница | София : Бет Принт |
| 300 ## - Физическа характеристика | |
| Страници | 184 с. |
| Илюстрации и др. | с ил., портр., факс. |
| Размери/Мащаб | 21 см |
| 380 ## - Жанр | |
| Жанр | История |
| 490 ## - СЕРИИ (Колекции) | |
| Име на серия | Библиотека Разследвания на 168 часа |
| 500 ## - Общи забележки | |
| Забележка | Загл. на гърба на кн.: Гешев остава жив след 9.IX.1944 г. |
| 600 14 - Име на лице, използвано като предмет | |
| За него / За нея | Гешев, Никола Христов |
| 9 (RLIN) | 244235 |
| 650 #4 - Допълнително описание по предмет – тема | |
| Основно описание – тема или топоним | Гешев, Никола Христов |
| 9 (RLIN) | 244235 |
| 650 #4 - Допълнително описание по предмет – тема | |
| Основно описание – тема или топоним | Полиция - България - история |
| 9 (RLIN) | 244237 |
| 650 #0 - Допълнително описание по предмет – тема | |
| Основно описание – тема или топоним | България - история, нова - спомени |
| 9 (RLIN) | 243137 |
| 651 #4 - Допълнително описание по предмет - топоним | |
| Географско понятие | България |
| 9 (RLIN) | 241624 |
| 653 ## - Ключова дума – ненормативна | |
| Ключова дума | Никола Гешев |
| 653 ## - Ключова дума – ненормативна | |
| Ключова дума | полицаи |
| 653 ## - Ключова дума – ненормативна | |
| Ключова дума | българска история |
| 653 ## - Ключова дума – ненормативна | |
| Ключова дума | биографии |
| 653 ## - Ключова дума – ненормативна | |
| Ключова дума | спомени |
| 659 ## - Тематичен бюлетин | |
| Тематичен бюлетин | Н |
| 700 1# - Други автори (авторска отговорност) | |
| Лично име | Бутовски, Иван |
| Автороска отговорност (Описва отношението между автора и произведението) | съавт. |
| 9 (RLIN) | 44171 |
| 852 ## - Местоположение | |
| Форматна сигнатура | Цб 269344 |
| 856 4# - Електронен адрес и достъп | |
| Електронен формат | pdf - файл |
| 856 4# - Електронен адрес и достъп | |
| Електронен формат | pdf - файл |
| 942 ## - АРТИКУЛИ | |
| Вид на библиотечния материал | Книги |
| Скрит в OPAC | Не |
| Koha issues (borrowed), all copies | 10 |
| 944 ## - СЪЗДАВАНЕ И РЕДАКЦИЯ на ЗАПИСА | |
| Създаване/Редакция | Създаване |
| Дата на регистрацията/редакция | 12.06.2014 |
| Статус, дата на статуса | Цветелина Шанова |
| Служител, извършил регистрацията/редакцията | 30531 |
| 944 ## - СЪЗДАВАНЕ И РЕДАКЦИЯ на ЗАПИСА | |
| Създаване/Редакция | Редакция |
| Дата на регистрацията/редакция | 12.11.2015 |
| Статус, дата на статуса | ф / |
| Служител, извършил регистрацията/редакцията | Пенка_Димитрова |
| 999 ## - СИСТЕМНИ КОНТРОЛНИ НОМЕРА | |
| Koha biblionumber | 155299 |
| Koha biblioitemnumber | 155299 |
| 999 ## - СИСТЕМНИ КОНТРОЛНИ НОМЕРА | |
| Koha biblioitemnumber | 155299 |
| Код за отписване | Код за изгубен артикул | Код за повреда | Коз за рестрикции | Код за отдаване | Артикулен № | Име на библиотеката - собственик | Име на библиотеката, в която се намира в момента | Статус (Текущо местоположение) | Дата на вписване в системата | Местоположение - отдел | Цена в лева | Инвентарен номер | Систематично азбучна сигнатура | Баркод | Номер на екземпляра | Цена в евро | Служебна бележка | Служебен тип на артикула | Източник на класификационната схема |
|---|---|---|---|---|---|---|---|---|---|---|---|---|---|---|---|---|---|---|---|
| Не е изгубен | Не е повреден | без рестрикции | заемане за дома | 260408 | Регионална библиотека "Любен Каравелов" Русе | Регионална библиотека "Любен Каравелов" Русе | Заемна - подръчен фонд | 2014-06-12 | Заемна - подръчен фонд | 8.99 | 120000778134 | П 351(092)/Г 45 | 120000778134 | 1 | 4.60 | Дост: Pk Вид: Ф N: 400 Дата: 09.06.2014 | Книги | ||
| Не е изгубен | Не е повреден | без рестрикции | заемане за дома | 260409 | Регионална библиотека "Любен Каравелов" Русе | Регионална библиотека "Любен Каравелов" Русе | Заемна - подръчен фонд | 2015-05-28 | Заемна - подръчен фонд | 8.99 | 120000788372 | П 351(092)/Г 45 | 120000788372 | 2 | 4.60 | Дост: Pk Вид: Ф N: 432 Дата: 22.05.2015 Дата инв: 07.02.2018 Бележки инв: П2018 | Книги | Universal Decimal Classification | |
| Не е изгубен | Не е повреден | без рестрикции | ползва се в читалня | 260410 | Регионална библиотека "Любен Каравелов" Русе | Регионална библиотека "Любен Каравелов" Русе | Хранилище | 2015-11-12 | Хранилище | 8.99 | 120000794727 | Цб 269344 | 120000794727 | 3 | 4.60 | Дост: Dp Вид: Д N: 42 Дата: 29.09.2015 | Книги |